Wildlife Conservation in Thailand
| Main Author: | |
|---|---|
| Format: | Book |
| Published: |
Bangkok, Thailand :
Department of National Parks, Wildlife and Plant Conservation ,
2013.
|
| Subjects: |
MARC
| LEADER | 00000cam a2200000 7i4500 | ||
|---|---|---|---|
| 001 | 0000003984 | ||
| 005 | 20130403.0 | ||
| 020 | 0 | 0 | |a 9786163160546 |
| 090 | 0 | 0 | |a 639.9 |b THAI 2013 |
| 100 | 1 | 0 | |a Bolen, Eric G. |
| 245 | 1 | 0 | |a Wildlife Conservation in Thailand |c Ministry of Natural resources an dEnvironment Thailand |
| 260 | 0 | 0 | |a Bangkok, Thailand : |b Department of National Parks, Wildlife and Plant Conservation , |c 2013. |
| 300 | |a 110p. : |b ill., maps ; |c 27 cm. | ||
| 650 | 0 | 0 | |a Wildlife management---Thailand |
| 999 | |a 007817 |b Monograph |c Open Shelf |e Default branch | ||